Statistics for Fast Typing ABCs and 123s: THE SEQUEL

Click here to take the quiz!

General Stats

  • This quiz has been taken 98 times
  • The average score is 44 of 72

Answer Stats

Answer% Correct
A
100%
D
94%
E
94%
I
94%
O
94%
B
91%
C
91%
F
91%
G
91%
H
91%
J
91%
K
91%
L
91%
M
91%
N
91%
P
91%
Q
91%
S
91%
U
91%
R
88%
T
88%
V
85%
1
82%
1
82%
2
82%
3
82%
4
82%
4
82%
5
82%
6
82%
7
82%
8
82%
9
82%
9
82%
W
82%
Y
82%
X
76%
Z
76%
10
71%
AA
56%
EE
50%
CC
44%
QQ
44%
BB
41%
RR
41%
DD
38%
TT
38%
FF
35%
II
35%
OO
35%
WW
35%
GG
32%
HH
32%
JJ
32%
KK
32%
LL
32%
MM
32%
UU
32%
YY
32%
NN
29%
PP
29%
VV
29%
SS
26%
XX
26%
ZZ
26%
16
18%
25
18%
36
15%
49
12%
100
6%
64
6%
81
6%

Score Distribution

Percentile by Number Answered

Percent of People with Each Score

Your Score History

You have not taken this quiz